• 首页
  • 本馆介绍
  • 公告通知
  • 最新文献
  • 馆藏检索
  • 电子资源
  • 读者导购
  • 参考咨询
  • 我的图书馆
  • 登录
  • 详细信息显示
  • 放入我的书架
  • 预约/预借图书
  • 作者相关作品
  • 分类相关作品
  • 丛书相关作品
  • 出版社相关作品

书目信息

  • 表格格式
  • 工作单格式
  • 卡片格式
题名:
机械设计基础
    
 
作者: ;上海机械专科学 校
分册:  
出版信息: 上海   上海科学技术文献出版社  1984.09
页数: 257页
开本: 19cm
丛书名:
单 册:
中图分类: TH11
科图分类:
主题词: 机械学
电子资源:
ISBN: 978-7-5643-2739-2
000 00563nam0 2200193 45
001 0308271064
005 20030827104430.6
010    @a978-7-5643-2739-2@dRMB2.45
100    @a20030827d1984 km y0chiy0120 ea
101    @achi
105    @a z 000yy
200 1  @a机械设计基础@Aji xie she ji ji chu@f上海机械专科学校@Fshang hai ji xie zhuan ke xue xiao
210    @a上海@c上海科学技术文献出版社@d1984.09
215    @a257页@c无图表@d19cm
606 0  @a机械学
690    @aTH11@v3
711  0 @a上海机械专科学@4校
801    @aCN@b@c20030827
905    @aBZT@dTH11@e1
    
    机械设计基础/上海机械专科学校.-上海:上海科学技术文献出版社,1984.09
    257页:无图表;19cm
    
    
    ISBN 978-7-5643-2739-2:RMB2.45
    
●
相关链接 在五车中查询图书 在当当中查询图书 在豆瓣中查询图书


正题名:机械设计基础     索取号:TH11/1         预约/预借

序号 登录号 条形码 馆藏地/架位号 状态 备注
1 2036   200294742   中心书库中库/ 中库030架A面1列5层1/ [索取号:TH11/1] 在馆    
2 2037   200295064   中心书库中库/ 中库030架A面1列5层38/ [索取号:TH11/1] 在馆    
山东省滨州职业学院图书馆 欢迎您!
大连网信软件有限公司© 版权所有